Statistics for 中国人均交通事故最多的省区 China provinces with most traffic accidents per capita

Click here to take the quiz!

General Stats

  • This quiz has been taken 31 times
  • The average score is 5 of 10

Answer Stats

万人年交通事故省区% Correct
5.16湖北
84%
2.40北京
72%
2.39河南
72%
3.21广西
64%
3.77贵州
56%
4.81天津
52%
3.21吉林
36%
2.25宁夏
28%
2.50青海
20%
2.59海南
16%

Score Distribution

Percentile by Number Answered

Percent of People with Each Score

Your Score History

You have not taken this quiz